000 00656cam a2200217 4500
008 000000n1999 000 0 eng u
020 _a1860813518
035 _a(Sirsi) u105364
041 _aENG
050 _a690.0285
110 _aBuilding Centre Trust
_93162
245 _aInformation systems within a design practice : Levitt Bernstein Associates.
260 _aLondon
_bCRC Ltd
_c1999
300 _a8p. ; 30cm.
490 _aIT Case Study
_v5
650 _aDESIGN PRACTICES
650 _aTECHNICAL INFORMATION
690 _aMANAGEMENT-BUSINESS MANAGEMENT-INFORMATION MANAGEMENT
710 _aBuilding Research Establishment
942 _n0
999 _c100371
_d100371